Aktívne opatrenia na trhu práce a ich vplyv na dynamiku nezamestnanosti v SR diplomová práca

Gespeichert in:
Bibliographische Detailangaben
1. Verfasser: Karasová, Katarína
Körperschaft: Fakulta hospodárskej informatiky EU. Katedra štatistiky
Weitere Verfasser: Lubyová, Martina
Format: Buch
Sprache:Slowakisch
Veröffentlicht: Bratislava 2013
Tags: Tag hinzufügen
Keine Tags, Fügen Sie das erste Tag hinzu!

MARC

LEADER 00000nbm a2200000 4500
001 0171721
005 20161109102453.3
041 0 |a slo 
044 |a SK 
245 1 0 |a Aktívne opatrenia na trhu práce a ich vplyv na dynamiku nezamestnanosti v SR  |b diplomová práca  |c Katarína Karasová ; školiteľ: Martina Lubyová 
264 1 |a Bratislava  |c 2013 
300 |a 60 s. 
100 1 |a Karasová, Katarína 
700 1 |a Lubyová, Martina 
710 2 |a Fakulta hospodárskej informatiky EU. Katedra štatistiky